000 01080nam a22003250a 4500
001 PT13867
003 AR-LpoUNG
005 20210131232608.0
008 191001s2000||||ag |||||||||||||||||spa d
020 _a9505346042
_c$6.05
040 _aAR-LpoUNG
_bspa
_cAR-LpoUNG
_eaacr
041 _aspa
044 _aag
082 0 _a372.044 7 537ma
100 1 _aBerté, Annie
245 1 0 _aMatemática de EGB 3 al polimodal
250 _a2º edición
260 _aBuenos Aires :
_bA-Z,
_c2000.
300 _a236 p. :
_btbls., il.
505 0 _aColección Temas y problemas de EGB
520 _aEl libro contiene doce sitauciones de enseñanza : cuatro alumnos, de diferentes edades, se hacen preguntas, comenten errores, los corrigen, defienden sus ideas con tenacidad, todo esto provocando el asombro de sus profesores.
650 4 _aENSEÑANZA
650 4 _aMATEMATICAS
650 4 _aPERSONAL DOCENTE
650 4 _aPRACTICA PEDAGOGICA
651 4 _aDOCUMENTOS TEORICOS O METODOLOGICOS
700 1 _aCaffaro, Margarita,trad.
905 _a13867
942 _cLIB
999 _c16444
_d16444